Yoga exercisses for health & happiness/ (Record no. 162868)

MARC details
000 -LEADER
fixed length control field 00633nam a22001937a 4500
005 - DATE AND TIME OF LATEST TRANSACTION
control field 20190323112400.0
010 ## - LCCN (DPL NO)
LC control number ENG-124913
020 ## - INTERNATIONAL STANDARD BOOK NUMBER
International Standard Book Number 8185883408
Terms of availability 300.00
035 ## - SYSTEM CONTROL NUMBER
System control number EN-108445
037 ## - SOURCE OF ACQUISITION
Source of stock number/acquisition DBAD/PUB
082 ## - DEWEY DECIMAL CLASSIFICATION NUMBER
Classification number 613.7046
100 ## - MAIN ENTRY--PERSONAL NAME
Personal name Jyotirmayananda, Swami
245 ## - TITLE STATEMENT
Title Yoga exercisses for health & happiness/
Statement of responsibility, etc by Swami Jyotirmayananda
250 ## - EDITION STATEMENT
Edition statement Reprint
260 ## - PUBLICATION, DISTRIBUTION, ETC. (IMPRINT)
Place of publication, distribution, etc Ghaziabad, (U.P)
Name of publisher, distributor, etc International Yoga Society
Date of publication, distribution, etc 2015
270 ## - ADDRESS
Address Lal Bagh, Loni
City Ghaziabad
Postal code 201102
Telephone number 0120-2600237, 0120-2686938
Electronic mail address iysindia@gmail.com
300 ## - PHYSICAL DESCRIPTION
Extent 312p.
Dimensions 21cm(pbk)
Other physical details ill.
942 ## - ADDED ENTRY ELEMENTS (KOHA)
Source of classification or shelving scheme Dewey Decimal Classification
Item type English Books
Classification part 613.7046
Call number suffix JYO
Holdings
Withdrawn status Lost status Not for loan Collection code Home library Current library Date acquired Source of acquisition Cost, normal purchase price Full call number Barcode Copy number Cost, replacement price Koha item type
    Not For Loan Non-fiction D.B.Act.Division Patel Nagar 23/03/2019 DBAD/PUB 300.00 613.7046 JYO EN-108445 1 300.00 English Books

© Delhi Public Library
Hit Counter
free hit counter